00396nam a22001457a 4500003000400000020001800004082001400022100001600036245002800052260002400080300000800104942001200112952010900124999001700233SGT a9780140075762 a954bI85A aAKBAR, M.J. aINDIA: THE SIEGE WITHIN bPENGUIN BOOKSc1985 a325 2ddccBK 00102ddc4071aCLbCLcREFd2025-01-22iSGTUl0o954 I85ApCH1874r2025-01-22 00:00:00w2025-01-22yBK c29213d29213